000 00416nam a2200145Ia 4500
008 100204s9999 xx 000 0 und d
082 _b6756
100 _aगंधे दिवाकर
245 _aशतऋतु
260 _b"डिंंंंप्ंाल पब्लिकेशन, वसई"
_c1982
300 _a119
630 _aशतऋतु
730 _aशतऋतु
942 _cBOOK
999 _c451194
_d451191